Business Law/

<p></p><p>MacIntyre’s <b>Business Law</b> is the foremost text for non-law students seeking an understanding of the legal principles that apply to business. Each chapter begins with a clear outline of the topics to be covered, helping you break your learning down into manageable chunks and fully gra...

Full description

Saved in:
Bibliographic Details
Main Author: MacIntyre, Ewan (Author)
Format: Electronic Book
Published: Harlow : Pearson International Content, 2018.
Edition:Ninth edition
Subjects:
Online Access:https://resolver.vitalsource.com/9781292219974
Tags: Add Tag
No Tags, Be the first to tag this record!

MARC

LEADER 00000nam#a2200000 4500
001 9781292219974
003 VST
005 20260317120217.0
006 m o d
007 cr#un#---uucau
008 191003s2018 xxk o 00 0 eng d
020 |a  9781292219974   |q  (ebook)  
020 |z  9781292219950   |q  (paperback)  
020 |z  9781292219981   |q  (ebook)  
040 |a VST  |b eng  |c VST  |d VST 
072 |a LAW000000  |2 bisacsh 
072 |a LNCB  |2 bicssc 
100 1 |a MacIntyre, Ewan  |e author 
245 1 0 |a Business Law/  |c  Ewan MacIntyre. 
250 |a Ninth edition 
264 1 |a Harlow :  |b Pearson International Content,  |c 2018. 
300 |a 1 online resource 
336 |a text  |b txt  |2 rdacontent 
337 |a computer  |b c  |2 rdamedia 
338 |a online resource  |b cr  |2 rdacarrier 
520 |a <p></p><p>MacIntyre’s <b>Business Law</b> is the foremost text for non-law students seeking an understanding of the legal principles that apply to business. Each chapter begins with a clear outline of the topics to be covered, helping you break your learning down into manageable chunks and fully grasp all aspects of the subject. In addition, the text offers key points to guide your learning and tasks to help you apply what you have learned to business situations. Each chapter ends with a series of multiple-choice questions and a selection of in-depth problem questions. A Lecturer’s Guide, made available to lecturers who adopt the book, provides suggested answers to all of the multiple-choice and problem questions.</p><p><br/></p> 
650 4 |a Law/General 
776 0 8 |i Paperback version:  |t Business Law  |z 9781292219950 
856 4 0 |u https://resolver.vitalsource.com/9781292219974 
999 |c 249558  |d 249557